Music Quiz

Random Music or Clickable Quiz

Novelty Song Match-Up Quiz Stats

Quiz not verified by Sporcle

Challenge
Share
Tweet
Score 0/50 Timer 05:00
0 Plays Today
% Correct
Itsy Bitsy Teenie Weenie
96.6%
Hello Muddah, Hello
91.4%
Monster
89.7%
Jolly
89.7%
Gangnam
89.7%
Boy
87.9%
Purple
87.9%
Tip-Toe Through the
87.9%
They're Coming to
86.2%
I'm Too
86.2%
My
86.2%
Barbie
82.8%
Disco
82.8%
Snoopy Vs
82.8%
Wooly
82.8%
Chantilly
81%
King
79.3%
Yes! We
79.3%
Alley
75.9%
Rubber
75.9%
Tie Me Kangaroo
74.1%
Ahab
72.4%
Who Put
70.7%
Junk Food
70.7%
One
65.5%
% Correct
Charlie
60.3%
Pac Man
58.6%
Flying
58.6%
Haunted
55.2%
Leader
53.4%
Shaving
51.7%
Short
51.7%
The Name
50%
Hamster
46.6%
Surfin'
44.8%
Curly
39.7%
Gimme
39.7%
(My Friend)
37.9%
Beep Beep
36.2%
Mule Skinner
34.5%
Pink
31%
Along Came
31%
My Girl
31%
Dead
29.3%
Beans
27.6%
Amos
25.9%
Dang
25.9%
Mr.
24.1%
Ape
20.7%
Little
15.5%

You're not logged in!

Compare scores with friends on all Sporcle quizzes.
Join for Free
OR
Log In

You Might Also Like...

Show Comments

Extras

Top Quizzes Today


Score Distribution

Your Account Isn't Verified!

In order to create a playlist on Sporcle, you need to verify the email address you used during registration. Go to your Sporcle Settings to finish the process.

Report this User

Report this user for behavior that violates our Community Guidelines.

Details: